Jednostki Układu SI - Statystyki

Ogólne statystyki
  • Ten quiz został rozwiązany 87 razy
  • Średni wynik to 19 z 29
Statystyki odpowiedzi
Wielkość Fizyczna Symbol Jednostka % Poprawnych
Prąd Elektryczny (I) A Amper
100%
Masa (m) kg Kilogram
98%
Czas (t) s Sekunda
98%
Droga, Wysokość (s,h) m Metr
97%
Temperatura (T) K Kelwin
94%
Ciśnienie (p) Pa Paskal
94%
Częstotliwość (f) Hz Herc
92%
Praca, Energia, Ciepło (W,E,Q) J Dżul
91%
Liczność Materii (n) mol Mol
91%
Siła (F) N Niuton
91%
Napięcie Elektryczne, Moc Elektromotoryczna (U,SEM) V Wolt
91%
Rezystancja (R) Ω Om
89%
Moc, Strumień Promieniowania (P,Φe) W Wat
85%
Kąt Płaski rad Radian
79%
Strumień Świetlny (Φ) lm Lumen
70%
Ładunek Elektryczny (q) C Kulomb
68%
Światłość (l) cd Kandela
55%
Pojemność Elektryczna (C) F Farad
50%
Temperatura (T) °C Stopień Celsjusza
48%
Natężenie Oświetlenia (E) lx Luks
47%
Indukcja Magnetyczna T Tesla
38%
Aktywność Katalityczna kat Katal
35%
Aktywność Ciała Promieniotwórczego Bq Bekerel
33%
Strumień Magnetyczny (B) Wb Weber
32%
Kąt Bryłowy sr Steradian
30%
Przewodność Elektryczna (G) S Simens
26%
Równoważnik Dawki Pochłoniętej (HT) Su Siwert
24%
Indukcyjność (L) H Henr
20%
Dawka Pochłonięta (D) Gy Grej
17%
Nie znaleziono quizów pasujących do podanych kryteriów
Rozkład punktacji
Procent ludzi z każdym wynikiem
Percentyl według liczby udzielonych odpowiedzi
Twoja historia wyników
Nie rozwiązałeś tego quizu